Catálogo público

Instalación de la planta procesadora de carnes frias en la unidad de producción San Jacinto / (Record no. 176964)

MARC details
000 -CABECERA
campo de control de longitud fija 01276nam a2200337Ia 4500
001 - NÚMERO DE CONTROL
campo de control dia_2659
003 - IDENTIFICADOR DEL NÚMERO DE CONTROL
campo de control CHAP
005 - FECHA Y HORA DE LA ÚLTIMA TRANSACCIÓN
campo de control 20240426085707.0
007 - CAMPO FIJO DE DESCRIPCIÓN FÍSICA--INFORMACIÓN GENERAL
campo de control de longitud fija ta
008 - DATOS DE LONGITUD FIJA--INFORMACIÓN GENERAL
campo de control de longitud fija 220117s1991 mx ade f 001 0 spa d
040 ## - FUENTE DE LA CATALOGACIÓN
Centro catalogador/agencia de origen mxchpua
Centro/agencia transcriptor CHAP
090 ## - LOCALMENTE ASIGNADO TIPO-LC NÚMERO DE CLASIFICACIÓN (OCLC); NÚMERO DE CLASIFICACIÓN LOCAL (RLIN)
Número de clasificación (OCLC) (R) ; Numero de clasificación, CALL (RLIN) (NR) T.C.672
Número cutter local (OCLC) ; Número de libro/Signatura topográfica íntegra, CALL (RLIN) I57 EIUPA
Año 1991
245 10 - MENCIÓN DE TÍTULO
Título Instalación de la planta procesadora de carnes frias en la unidad de producción San Jacinto /
Mención de responsabilidad, etc. colaboradores María de Lourdes C. Arévalo Galarza...[y otros]
260 ## - PUBLICACIÓN, DISTRIBUCIÓN, ETC.
Lugar de publicación, distribución, etc. México :
Nombre del editor, distribuidor, etc. El autor,
Fecha de publicación, distribución, etc. 1991
300 ## - DESCRIPCIÓN FÍSICA
Extensión 61 hojas :
Otras características físicas ilustraciones, diagramas, gráficas, tablas
336 ## - TIPO DE CONTENIDO
Fuente rdacontent
Término de tipo de contenido texto
Código de tipo de contenido txt
337 ## - TIPO DE MEDIO
Fuente rdamedia
Nombre/término del tipo de medio no mediado
Código del tipo de medio n
338 ## - TIPO DE SOPORTE
Fuente rdacarrier
Nombre/término del tipo de soporte volumen
Código del tipo de soporte nc
500 ## - NOTA GENERAL
Nota general Grado: 7° año
502 ## - NOTA DE TESIS
Nota de tesis Viaje de estudios
Tipo de título (EIUPA) --
Nombre de la institución que otorga el título UACh. Departamento de Ingeniería Agroindustrial,
Año de obtención del título 1991
505 00 - NOTA DE CONTENIDO CON FORMATO
Nota de contenido con formato Contiene 1 plano : --<br/>1.Distribución de áreas de la planta de carnes frías (Esc. 1:50)
650 13 - PUNTO DE ACCESO ADICIONAL DE MATERIA--TÉRMINO DE MATERIA
Término de materia o nombre geográfico como elemento de entrada Productos cárnicos
9 (RLIN) 147832
650 13 - PUNTO DE ACCESO ADICIONAL DE MATERIA--TÉRMINO DE MATERIA
Término de materia o nombre geográfico como elemento de entrada Meat products
9 (RLIN) 147831
700 1# - PUNTO DE ACCESO ADICIONAL--NOMBRE DE PERSONA
Nombre de persona Arévalo Galarza, Ma. de Lourdes C.
9 (RLIN) 159809
Término indicativo de función/relación colaboradora
942 ## - ELEMENTOS DE PUNTO DE ACCESO ADICIONAL (KOHA)
Fuente del sistema de clasificación o colocación Clasificación Universidad Autónoma de Chapingo
901 ## - ELEMENTOS DE DATOS A LOCAL LDA (RLIN)
a T.C.672 I57 EIUPA 1991
902 ## - ELEMENTOS DE DATOS B LOCAL, LDB (RLIN)
a M
905 ## - ELEMENTOS DE DATOS E LOCAL, LDE (RLIN)
a 5232271991 mx en 8223123322spa16
942 ## - ELEMENTOS DE PUNTO DE ACCESO ADICIONAL (KOHA)
Tipo de ítem Koha Viaje de Estudios
Holdings
Estado de retiro Estado de pérdida Fuente del sistema de clasificación o colocación Estado dañado Restricciones de uso No para préstamo Código de colección Localización permanente Ubicación/localización actual Fecha de adquisición Fuente de adquisición Total de préstamos Signatura topográfica completa Código de barras Fecha visto por última vez Número de copia Precio válido a partir de Tipo de ítem Koha
    Clasificación Universidad Autónoma de Chapingo   Préstamo interno   Viajes de Estudio Ingenieria Agroindustrial Ingenieria Agroindustrial 18/01/2022 El autor   T.C.672 I57 EIUPA 1991 1106009053 26/01/2026 Ej.1 18/01/2022 Viaje de Estudios